house of the dragon - Statistiques

Statistiques générales
  • Ce quiz a été pris 294 fois
  • Le résultat moyen est 21 sur 40
Statistiques - réponses
Hint Réponse % Correct
aemon caraxès
84%
daemon caraxès
84%
daenerys drogon
84%
visenya vaghar
83%
aemond vaghar
83%
laena velaryon vaghar
83%
baelon vaghar
83%
rhaenyra 1 syrax
80%
rhaenys meleys
79%
alyssa meleys
79%
jaehaerys 1 vermithor
76%
hugh marteau vermithor
76%
aegon1 balerion
75%
viserys 1 balerion
75%
aerea balerion
75%
maegor 1 balerion
75%
jacaerys velaryon vermax
66%
daenerys viserion
63%
lucerys velayon arrax
59%
daenerys rhaegal
57%
laenor fumée des mers
51%
addam velaryon fumée des mers
51%
rhaenys (soeur épouse d'aegon 1) meraxès
49%
alyssane aile d argent
44%
ulf le blanc aile d argent
44%
dragon sauvage le cannibale
38%
daeron le hardi tessarion
36%
orties voleur de mouton
35%
haelena songefeu
34%
rhaena fille d aenys 1 songefeu
34%
baela danselune
26%
joffrey velaryon tyraxès
26%
aegon 2 feux du soleyl
22%
jaehaera morghul
18%
aenys 1 vif argent
16%
aegon le sans couronne vif argent
16%
aegon 3 nuée d'orage
14%
dragon sauvage gris spectre
12%
rhaena fille de daemon point du jour
11%
jaehaerys fils d aegon 2 shraikos
7%
Aucun quiz correspondant
Distribution des résultats
% des personnes avec chaque résultat
Percentile par nombre de réponses
Votre historique - résultats
Vous n’avez pas pris ce quiz